Shiksha manovigyan (Record no. 1385756)

MARC details
000 -LEADER
fixed length control field 00528nam a2200193Ia 4500
003 - CONTROL NUMBER IDENTIFIER
control field OSt
005 - DATE AND TIME OF LATEST TRANSACTION
control field 20260102154446.0
008 - FIXED-LENGTH DATA ELEMENTS--GENERAL INFORMATION
fixed length control field 008 250505s9999 xx 000 0 hin d
037 ## - SOURCE OF ACQUISITION
Stock number TEXTBOOK
040 ## - CATALOGING SOURCE
Original cataloging agency FEDL
Language of cataloging eng
Transcribing agency FEDL
041 ## - LANGUAGE CODE
Language code of text/sound track or separate title hin
Source of code eng
082 ## - DEWEY DECIMAL CLASSIFICATION NUMBER
Classification number 370.15, RAM
100 ## - MAIN ENTRY--PERSONAL NAME
Personal name Rammoorthy
9 (RLIN) 776643
245 #0 - TITLE STATEMENT
Title Shiksha manovigyan
260 ## - PUBLICATION, DISTRIBUTION, ETC.
Place of publication, distribution, etc. Delhi, India
Name of publisher, distributor, etc. Rashtra Vani Prakashan
Date of publication, distribution, etc. 1998
300 ## - PHYSICAL DESCRIPTION
Extent 246p.
942 ## - ADDED ENTRY ELEMENTS (KOHA)
Koha item type Textbook
Classification part 370.15, RAM/RR
Source of classification or shelving scheme Dewey Decimal Classification
Suppress in OPAC No
Holdings
Withdrawn status Lost status Source of classification or shelving scheme Damaged status Not for loan Home library Current library Date acquired Total Checkouts Full call number Barcode Date last seen Price effective from Koha item type
    Dewey Decimal Classification     Department of Education Library Department of Education Library 2025-05-08   370.15, RAM EL0079330 2025-05-08 2025-05-08 Textbook
Copyright @ Delhi University Library System